000
00248nam a2200109Ia 4500
008
170627s9999 xx 000 0 und d
100
_a
ANTHONY- ROBERT N.
245
0
_a
ACCOUNTING TEXT AND CASES
260
_b
TMH
260
_c
2004
546
_a
ENGLISH
690
_a
ACCOUNTING
999
_c
35323
_d
35323